000
00336nam a2200133Ia 4500
008
240624s9999 xx 000 0 und d
041
_a
eng
082
_a
303.48 RIT
100
_a
RITZER GEORGE
245
_a
GLOBALIZATION OF NOTHING 2
260
_c
2007
_a
London
_b
Pine Forge Press
300
_a
xi, : 249 : p. : cm. ; 22
365
_c
_b
30
999
_c
9147
_d
9147